Temporary construction methods (Record no. 110936)

MARC details
000 -LEADER
fixed length control field 00910cad a22002055a 4500
001 - CONTROL NUMBER
control field E150647
008 - FIXED-LENGTH DATA ELEMENTS--GENERAL INFORMATION
fixed length control field 100806s2009 xxk f 000 0 eng d
035 ## - SYSTEM CONTROL NUMBER
System control number (Sirsi) u150647
041 0# - LANGUAGE CODE
Language code of text/sound track or separate title eng
110 2# - MAIN ENTRY--CORPORATE NAME
Corporate name or jurisdiction name as entry element Scottish Environment Protection Agency
9 (RLIN) 3523
245 00 - TITLE STATEMENT
Title Temporary construction methods
Medium [electronic resource]
260 ## - PUBLICATION, DISTRIBUTION, ETC.
Place of publication, distribution, etc. [S.l.]
Name of publisher, distributor, etc. SEPA
Date of publication, distribution, etc. 2009
490 #0 - SERIES STATEMENT
Series statement Engineering in the Water Environment Good Practice Guide
520 ## - SUMMARY, ETC.
Summary, etc. Sets out guidance on good practice for those undertaking temporary construction works in rivers or lochs. Does not cover pollution prevention measures for the wider construction site.
590 ## - LOCAL NOTE (RLIN)
Local note KA
651 #4 - SUBJECT ADDED ENTRY--GEOGRAPHIC NAME
Geographic name Scotland
Chronological subdivision 1999-
690 ## - LOCAL SUBJECT ADDED ENTRY--TOPICAL TERM (OCLC, RLIN)
Topical term or geographic name as entry element ENVIRONMENTAL AND LAND CONSULTANCY-WATER RESOURCE MANAGEMENT
856 40 - ELECTRONIC LOCATION AND ACCESS
Uniform Resource Identifier <a href="https://www.sepa.org.uk/water/water_regulation/guidance/engineering.aspx">https://www.sepa.org.uk/water/water_regulation/guidance/engineering.aspx</a>
Public note View the guidance free of charge at www.sepa.org.uk
942 ## - ADDED ENTRY ELEMENTS (KOHA)
Suppress in OPAC 0
Holdings
Withdrawn status Lost status Source of classification or shelving scheme Damaged status Not for loan Home library Current library Shelving location Date acquired Total Checkouts Full call number Barcode Date last seen Copy number Price effective from Koha item type
    Dewey Decimal Classification     Virtual Virtual Online 06/08/2010   ONLINE PUBLICATION 150647-2001 06/08/2019 1 06/08/2019 Book